Statistics for Obsure Catholic Trivia

Click here to take the quiz!

General Stats

  • This quiz has been taken 65 times
  • The average score is 5 of 15

Answer Stats

HintAnswer% Correct
During what point in the liturgical year are Catholics obliged to receive communion at least once according to Canon Law?Easter Season
83%
What liturgical color is exclusively used only twice a year?Rose
74%
These Greek letters have been used since antiquity as symbolism for Jesus, as they are the first two letters of the word Christ.Rho
57%
He is the protomartyr.St. Stephen
51%
These Greek letters have been used since antiquity as symbolism for Jesus, as they are the first two letters of the word Christ.Chi
46%
He replaced Judas.St. Matthias
43%
Though not considered an ecumenical council, this was the first church council.Council of Jerusalem
37%
He translated the bible into Latin in 382.St. Jerome
37%
This document, which translates to "on his own impulse", is promulgated by the pope. It was first seen in 1484 and a more recent example is Pope Francis' Traditionis custodes (2019).Motu proprio
23%
This practice of dipping the host in the consecrated wine is more common among eastern rites.Intinction
23%
As a symbol of a deacon's call to service, their dalmatic has this, while a priest's chasuble does not.Sleeves
17%
This long word, literally meaning consisting of four letters, is used to describe the Hebrew theonym YHWH.Tetragrammaton
14%
During the middle ages, some theologians, particularly many from France, tried to make this the official eighth sacrament.Coronation
11%
The earliest pope to never be canonized.Liberius
9%
In 2013, Pope Benedict XVI was the first pope to voluntarily resign since this pope's resignation in 1294.Celestine V
6%

Score Distribution

Percentile by Number Answered

Percent of People with Each Score

Your Score History

You have not taken this quiz